La filosofía cristiana / (Record no. 11309)

000 -CABECERA
fixed length control field 01237nam a22002297a 4500
003 - IDENTIFICADOR DEL NÚMERO DE CONTROL
control field AR-CdUCM
008 - DATOS DE LONGITUD FIJA--INFORMACIÓN GENERAL
fixed length control field 190403b ||||| |||| 00| 0 spa d
040 ## - FUENTE DE LA CATALOGACIÓN
Agencia/entidad que catalogó originalmente la obra MUNICIPALIDAD PROVINCIAL DEL CUSCO
Entidad que transcribió la catalogación BIBLIOTECA MUNICIPAL DEL CUSCO
082 ## - NÚMERO DE LA CLASIFICACIÓN DECIMAL DEWEY
No. de Clasificación 119 /
Notacion interna V46 /1864
100 ## - ENTRADA PRINCIPAL--NOMBRE DE PERSONA
Nombre Personal Ventura de Raulica, Joaquín
245 ## - MENCIÓN DE TÍTULO
Título La filosofía cristiana /
260 ## - PUBLICACIÓN, DISTRIBUCIÓN, ETC.
Lugar de publicación, distribución, etc. Madrid :
Nombre de la editorial, distribuidor, etc. Imprenta F. Martinez Garcia,
Fecha de publicación, distribución, etc. 1864.
300 ## - DESCRIPCIÓN FÍSICA
Nº de Páginas Extensión 688 paginas ;
Dimensiones 21 cm.
505 ## - NOTA DE CONTENIDO CON FORMATO
Nota de contenido formateada Contenido :Doctrinas preliminares de la ontologia cristiana sobre las causas, los principios , el poder y el acto -- Doctrinas preliminares de la física cristiana sobre el compuesto natural, o teoría escolástica sobre la materia y la forma -- De los sistemas de la filosofía pagana, antigua y moderna, comparados con los sistemas de la filosofía cristiana respecto a los elementos de los cuerpos -- De los seres vivos, de sus almas, y de los actos específicos de las diferentes especies de almas...
650 ## - PUNTO DE ACCESO ADICIONAL DE MATERIA--TÉRMINO DE MATERIA
Descriptor Palabra de Dios
9 (RLIN) 4532
650 ## - PUNTO DE ACCESO ADICIONAL DE MATERIA--TÉRMINO DE MATERIA
Descriptor Filosofía Cristiana
9 (RLIN) 16628
650 ## - PUNTO DE ACCESO ADICIONAL DE MATERIA--TÉRMINO DE MATERIA
Descriptor Sectas y evangelios
9 (RLIN) 28620
700 ## - PUNTO DE ACCESO ADICIONAL--NOMBRE DE PERSONA
Nombre Personal Redactores del tesoro de predicadores ilustres
9 (RLIN) 28621
942 ## - ELEMENTOS DE PUNTO DE ACCESO ADICIONAL (KOHA)
Fuente de clasificación
Tipo de item Libros-BMC
945 ## - PROCESAMIENTO DE INFORMACIÓN LOCAL (OCLC)
Catalogador wnts
Holdings
Estado de retiro (separado) Fuente de clasificación o esquema de estanterías Estado dañado Ubicación Sala donde se ubica Nombre de la colección Fecha de adquisición o compra Costo, precio normal en soles Signatura topográfica Código de Barras Última vez visto (Koha) Tipo de ítem (Koha)
No     Sala Cusco Antiguo Sala Cusco Antiguo Book Cart 2019-04-03 120.00 119 / V46 / t.3 / 1864 SCA0001391 2019-04-03 Libros-BMC

Powered by Koha